[Event "Ruhrgebiet Verbandsliga Gruppe 1 1617"]
[Site "Germany"]
[Date "2016.11.27"]
[Round "4.5"]
[White "Imberg, Thorsten"]
[Black "Hochstein, Udo"]
[Result "1-0"]
[WhiteElo "1951"]
[BlackElo "1914"]
[PlyCount "91"]
[EventDate "2016.09.04"]
[EventType "team-tourn"]
[EventRounds "9"]
[EventCountry "GER"]
[SourceTitle "EXT 2022"]
[Source "ChessBase"]
[SourceDate "2021.10.06"]
[SourceVersion "1"]
[SourceVersionDate "2021.10.06"]
[SourceQuality "1"]
[WhiteTeam "Holsterhausen SK"]
[BlackTeam "Bochum-Linden"]
[WhiteTeamCountry "GER"]
[BlackTeamCountry "GER"]

1. Nf3 Nf6 2. g3 g6 3. Bg2 Bg7 4. 0-0 0-0 5. d3 d6 6. c4 e5 7. Nc3 Nc6 8. Nd5 Nxd5 9. cxd5 Ne7 10. Qb3 c5 11. dxc6 bxc6 12. Bg5 Be6 13. Bxe7 Qxe7 14. Qa4 Bd7 15. Nd2 d5 16. e4 d4 17. Nc4 c5 18. Qc2 Rfc8 19. h4 Be6 20. b3 Rab8 21. Kh2 g5 22. hxg5 Qxg5 23. Rh1 Rc6 24. Bh3 Bxh3 25. Kxh3 Rf6 26. Kg2 Re8 27. Qe2 Rh6 28. Rxh6 Qxh6 29. Rh1 Qa6 30. Rh5 Qe6 31. Qf3 Re7 32. Qf5 Qxf5 33. Rxf5 Re6 34. f4 f6 35. Kh3 h6 36. Kg4 Re7 37. Rh5 Kf7 38. Kf5 Re6 39. Rh4 Re7 40. Nd6+ Kf8 41. Kg6 Rc7 42. Nf5 exf4 43. gxf4 Kg8 44. Nxh6+ Bxh6 45. Rxh6 Rc6 46. Kf5 1-0

[Event "Ruhrgebiet Verbandsliga Gruppe 1 1516"]
[Site "Germany"]
[Date "2015.11.08"]
[Round "3.5"]
[White "Imberg, Thorsten"]
[Black "Masberg, Stefan"]
[Result "1/2-1/2"]
[WhiteElo "1951"]
[BlackElo "1942"]
[PlyCount "44"]
[EventDate "2015.09.06"]
[EventType "team-tourn"]
[EventRounds "9"]
[EventCountry "GER"]
[SourceTitle "EXT 2022"]
[Source "ChessBase"]
[SourceDate "2021.10.06"]
[SourceVersion "1"]
[SourceVersionDate "2021.10.06"]
[SourceQuality "1"]
[WhiteTeam "Holsterhausen SK"]
[BlackTeam "Bottrop SV"]
[WhiteTeamCountry "GER"]
[BlackTeamCountry "GER"]

1. Nf3 Nf6 2. g3 g6 3. Bg2 Bg7 4. 0-0 0-0 5. d3 d6 6. c4 e5 7. Nc3 Nc6 8. Rb1 h6 9. b4 Ne7 10. b5 Be6 11. e4 Qd7 12. Qc2 Nh5 13. Nd5 c5 14. bxc6 bxc6 15. Nxe7+ Qxe7 16. Qa4 Qd7 17. Qa6 Rab8 18. Be3 c5 19. Nd2 Nf6 20. Rxb8 Rxb8 21. Rb1 Qc7 22. f3 Bc8 1/2-1/2

[Event "Ruhrgebiet Regionalliga 1415"]
[Site "Germany"]
[Date "2015.04.12"]
[Round "8.6"]
[White "Imberg, Thorsten"]
[Black "Dukic, Dalibor"]
[Result "1-0"]
[WhiteElo "1930"]
[BlackElo "2006"]
[PlyCount "91"]
[EventDate "2014.09.28"]
[EventType "team-tourn"]
[EventRounds "9"]
[EventCountry "GER"]
[SourceTitle "EXT 2022"]
[Source "ChessBase"]
[SourceDate "2021.10.06"]
[SourceVersion "1"]
[SourceVersionDate "2021.10.06"]
[SourceQuality "1"]
[WhiteTeam "Holsterhausen SK"]
[BlackTeam "Hamm SV"]
[WhiteTeamCountry "GER"]
[BlackTeamCountry "GER"]

1. Nf3 Nf6 2. g3 b6 3. Bg2 Bb7 4. 0-0 d6 5. d3 Nbd7 6. c4 g6 7. Nc3 Bg7 8. Rb1 0-0 9. b4 Qc8 10. Qc2 Ne5 11. e4 Nxf3+ 12. Bxf3 Ng4 13. Nd5 Re8 14. Bxg4 Qxg4 15. Nxc7 f5 16. f3 Qh5 17. Bb2 e5 18. Nxe8 Rxe8 19. Qa4 Re7 20. Qxa7 g5 21. Qb8+ Bf8 22. Qxd6 Qf7 23. Qxb6 h5 24. c5 Re6 25. Qd8 Qg6 26. Qb8 Ba6 27. Rbd1 Re8 28. Qb6 Re6 29. Qd8 Bb5 30. Qb8 Ba4 31. Rc1 f4 32. b5 Re8 33. Qb6 Qf7 34. Qc6 fxg3 35. hxg3 Re6 36. Qa8 Bxb5 37. c6 Re8 38. Qb7 Bxd3 39. Qxf7+ Kxf7 40. Rfd1 Ba6 41. c7 Be7 42. Rc6 Bb7 43. Rc2 g4 44. Bxe5 gxf3 45. Kf2 Ke6 46. Bf4 1-0

[Event "Ruhrgebiet Regionalliga 1213"]
[Site "Nordrheinwestfalen"]
[Date "2012.12.09"]
[Round "4.8"]
[White "Rolf, Sebastian"]
[Black "Imberg, Thorsten"]
[Result "0-1"]
[WhiteElo "1946"]
[BlackElo "1942"]
[PlyCount "58"]
[EventDate "2012.09.09"]
[EventType "team-tourn"]
[EventRounds "9"]
[EventCountry "GER"]
[SourceTitle "EXT 2020"]
[Source "ChessBase"]
[SourceDate "2019.10.17"]
[SourceVersion "1"]
[SourceVersionDate "2019.10.17"]
[SourceQuality "1"]
[WhiteTeam "Recklinghausen Laeufer Ost"]
[BlackTeam "Holsterhausen SK"]
[WhiteTeamCountry "GER"]
[BlackTeamCountry "GER"]

1. e4 c5 2. Nf3 d6 3. d4 cxd4 4. Nxd4 Nf6 5. Nc3 g6 6. Bg5 Bg7 7. Qd2 Nc6 8. 0-0-0 0-0 9. Nxc6 bxc6 10. e5 Nd5 11. Nxd5 cxd5 12. exd6 Rb8 13. c3 Qxd6 14. Bh6 Be6 15. Bxg7 Kxg7 16. h4 h6 17. Qd4+ f6 18. f4 Qb6 19. Qxb6 Rxb6 20. Rd2 Bf7 21. g4 e5 22. fxe5 fxe5 23. g5 h5 24. Bg2 d4 25. cxd4 exd4 26. b3 Rd6 27. Re1 Be6 28. Re4 d3 29. Bf1 Rxf1+ 0-1

[Event "Ruhrgebiet Verbandsliga2 1011"]
[Site "Nordrheinwestfalen"]
[Date "2011.04.10"]
[Round "9.8"]
[White "Blasczyk, Martin"]
[Black "Imberg, Thorsten"]
[Result "0-1"]
[WhiteElo "1606"]
[BlackElo "1945"]
[PlyCount "80"]
[EventDate "2010.09.12"]
[EventType "team-tourn"]
[EventRounds "9"]
[EventCountry "GER"]
[SourceTitle "EXT 2020"]
[Source "ChessBase"]
[SourceDate "2019.10.17"]
[SourceVersion "1"]
[SourceVersionDate "2019.10.17"]
[SourceQuality "1"]
[WhiteTeam "Dortmund FS 98"]
[BlackTeam "Holsterhausen SK"]
[WhiteTeamCountry "GER"]
[BlackTeamCountry "GER"]

1. e4 c5 2. Nf3 d6 3. c3 Nf6 4. d3 g6 5. Be2 Bg7 6. h3 Nc6 7. Nbd2 0-0 8. 0-0 Nd7 9. Nc4 b5 10. Ne3 b4 11. d4 bxc3 12. bxc3 cxd4 13. cxd4 e5 14. d5 Nd4 15. Nc4 Nc5 16. Bb2 Nxe2+ 17. Qxe2 Na4 18. Ba3 Ba6 19. Qc2 Nb6 20. Nxb6 axb6 21. Rfc1 f5 22. Nd2 Bh6 23. Re1 Qd7 24. Bb4 Rfc8 25. Qb2 Bd3 26. Rac1 Rxc1 27. Rxc1 fxe4 28. Rc6 e3 29. fxe3 Bxe3+ 30. Kh1 Qf7 31. Bxd6 Qf2 32. Qc1 Bxd2 33. Rc8+ Rxc8 34. Qxc8+ Kg7 35. Qc7+ Kh6 36. Bxe5 Qf8 37. h4 Be4 38. Qc4 Qf5 39. Qe2 Qh3+ 40. Bh2 Bf4 0-1

[Event "Ruhrgebiet Verbandsliga2 1011"]
[Site "Nordrheinwestfalen"]
[Date "2011.02.06"]
[Round "6.8"]
[White "Reinholz, Benjamin"]
[Black "Imberg, Thorsten"]
[Result "1/2-1/2"]
[WhiteElo "1861"]
[BlackElo "1945"]
[PlyCount "76"]
[EventDate "2010.09.12"]
[EventType "team-tourn"]
[EventRounds "9"]
[EventCountry "GER"]
[SourceTitle "EXT 2020"]
[Source "ChessBase"]
[SourceDate "2019.10.17"]
[SourceVersion "1"]
[SourceVersionDate "2019.10.17"]
[SourceQuality "1"]
[WhiteTeam "Herne Sodingen II"]
[BlackTeam "Holsterhausen SK"]
[WhiteTeamCountry "GER"]
[BlackTeamCountry "GER"]

1. e4 c5 2. Nc3 d6 3. g3 Nf6 4. Bg2 g6 5. d3 Bg7 6. Nge2 Nc6 7. Bg5 Nd4 8. Nxd4 cxd4 9. Ne2 Qa5+ 10. Bd2 Qb6 11. c3 dxc3 12. Bxc3 0-0 13. 0-0 Bg4 14. Kh1 Bxe2 15. Qxe2 Nd7 16. Bxg7 Kxg7 17. f4 Qd4 18. Bh3 Nc5 19. Rfd1 a5 20. Rac1 b5 21. Rc3 Ra7 22. Bf1 Rc8 23. Rdc1 Rcc7 24. Kg2 Ne6 25. Qf2 Qxf2+ 26. Kxf2 b4 27. Rxc7 Rxc7 28. Rxc7 Nxc7 29. Ke3 Kf8 30. d4 e6 31. Bc4 d5 32. Bb3 Ke7 33. e5 Na8 34. a3 bxa3 35. bxa3 Nb6 36. Kd3 Kd7 37. Kc3 Ke7 38. g4 h6 1/2-1/2

[Event "Ruhrgebiet VL1 0708"]
[Site "Germany"]
[Date "2008.02.17"]
[Round "6.5"]
[White "Imberg, Thorsten"]
[Black "Hoffmann, Alexander1111"]
[Result "1/2-1/2"]
[WhiteElo "1889"]
[BlackElo "2067"]
[PlyCount "88"]
[EventDate "2007.09.02"]
[EventType "team"]
[EventRounds "9"]
[EventCountry "GER"]
[SourceTitle "EXT 2009"]
[Source "ChessBase"]
[SourceDate "2008.11.26"]
[SourceVersion "1"]
[SourceVersionDate "2008.11.26"]
[SourceQuality "1"]
[WhiteTeam "Holsterhausen "]
[BlackTeam "Dortmund Hansa II"]
[WhiteTeamCountry "GER"]
[BlackTeamCountry "GER"]

1. Nf3 d5 2. g3 g6 3. Bg2 Bg7 4. 0-0 Nf6 5. d3 0-0 6. Nbd2 b6 7. e4 dxe4 8. Ng5 Bb7 9. Ngxe4 Nxe4 10. dxe4 Na6 11. f4 Qd4+ 12. Kh1 Nc5 13. e5 Bxg2+ 14. Kxg2 Rad8 15. Qe2 Qd5+ 16. Qf3 f6 17. exf6 Bxf6 18. Nb3 Nxb3 19. Qxd5+ Rxd5 20. axb3 a5 21. Ra4 Rfd8 22. Re4 Kf7 23. Rfe1 R8d7 24. Kf3 Rd1 25. Ke2 Rxe1+ 26. Kxe1 h5 27. Re2 Rd5 28. Re4 Bd4 29. h3 Kf6 30. g4 hxg4 31. hxg4 Rd8 32. c3 Bc5 33. Be3 Bxe3 34. Rxe3 Rh8 35. Kd2 Rh2+ 36. Re2 Rxe2+ 37. Kxe2 e5 38. Kf3 exf4 39. Kxf4 g5+ 40. Ke4 Ke6 41. b4 axb4 42. cxb4 b5 43. Kd4 Kd6 44. Ke4 Ke6 1/2-1/2

[Event "Ruhrgebiet VL1 0708"]
[Site "Germany"]
[Date "2007.12.09"]
[Round "4.7"]
[White "Imberg, Thorsten"]
[Black "Hinz, Arne"]
[Result "1/2-1/2"]
[WhiteElo "1889"]
[BlackElo "1968"]
[PlyCount "87"]
[EventDate "2007.09.02"]
[EventType "team"]
[EventRounds "9"]
[EventCountry "GER"]
[SourceTitle "EXT 2009"]
[Source "ChessBase"]
[SourceDate "2008.11.26"]
[SourceVersion "1"]
[SourceVersionDate "2008.11.26"]
[SourceQuality "1"]
[WhiteTeam "Holsterhausen "]
[BlackTeam "Bochum 31 III"]
[WhiteTeamCountry "GER"]
[BlackTeamCountry "GER"]

1. Nf3 Nf6 2. g3 g6 3. Bg2 Bg7 4. 0-0 0-0 5. d3 c5 6. e4 Nc6 7. Re1 d6 8. c3 Nd7 9. Be3 Qc7 10. d4 b6 11. e5 dxe5 12. Nxe5 Ndxe5 13. dxe5 Be6 14. f4 Rad8 15. Qe2 Bf5 16. Na3 Na5 17. Red1 Qc8 18. b4 Bg4 19. Bf3 Bxf3 20. Qxf3 Nb7 21. Rxd8 Rxd8 22. Rd1 Rxd1+ 23. Qxd1 cxb4 24. cxb4 e6 25. Nb5 a5 26. Nd6 Nxd6 27. exd6 Qd7 28. Bxb6 axb4 29. Qd2 Bc3 30. Qd3 f5 31. Be3 Kf7 32. Bd2 h5 33. Bxc3 bxc3 34. Qxc3 Qxd6 35. Qb3 Qc5+ 36. Kg2 Qc6+ 37. Kh3 Qa6 38. Qc2 Qf1+ 39. Qg2 Qa6 40. Qf2 Qa4 41. Qb2 Qa6 42. Qh8 Qxa2 43. Qh7+ Kf6 44. Qh8+ 1/2-1/2